000 00606cam a22002053a 4500
001 40848
003 PGUSA
005 20140828083919.0
008 120923s2012||||xxu|||||s|||||000 | eng d
040 _aPGUSA
_beng
042 _adc
100 1 _aDoyle, Arthur Conan,
_d1859-1930
245 1 4 _aThe Gully of Bluemansdyke :
_bAnd other stories
_h[electronic resource] /
_cArthur Conan Doyle
260 _bProject Gutenberg,
_c2012
506 _aPublic domain in the USA.
516 _aElectronic text
830 0 _aProject Gutenberg
_v40848
856 4 0 _uhttp://www.gutenberg.org/ebooks/40848
942 _cEB
999 _c270100
_d270100